Personnage mystère #33 - Statistiques

Statistiques générales
  • Ce quiz a été pris 211 fois
  • Le résultat moyen est 4 sur 7
Statistiques - réponses
Lettres Indices % Correct
NYCIQUE Cynique
98%
GÉÏOSTE Égoïste
98%
SURETURDECT Destructeur
89%
RÂTTHRÉ Théâtre
55%
DÉSUCTREU Séducteur
42%
TIBILERN Libertin
39%
Nom du personnage Dom Juan
25%
Aucun quiz correspondant
Distribution des résultats
% des personnes avec chaque résultat
Percentile par nombre de réponses
Votre historique - résultats
Vous n’avez pas pris ce quiz